00727cam a22002531 4500001001300000003000400013005001700017008004100034010001700075035002000092040002000112042001200132050002400144100001600168245006600184250001300250260003800263300002100301500005500322500001100377700004200388700002600430999001700456sa 68015604 DLC20260227112645.0861007s1966 io a f000 1 ind  asa 68015604  a(OCoLC)14353268 aDLCcIDeKNdDLC apremarc00aPL5089.W29bT5 19661 aWairata, L.10aTjinta dan kewadjiban /coleh L. Wairata dan N. St. Iskandar. aTjet. 4. aDjakarta :bBalai Pustaka,c1966. a144 p. ;c21 cm. a"Dihiasi 4 buah gambar oleh Iljas St. Madjo Kajo." aNovel.1 aIskandar, N. St.q(Nur Sutan),d1893-0 aMadjo Kajo, Iljas St. c86552d86552